Задачи по органической химии с решениями: учебное пособие

التفاصيل البيبلوغرافية
مؤلفون آخرون: Курц А. Л. Александр Леонидович, Ливанцов М. В. Михаил Васильевич, Чепраков А. В. Андрей Владимирович, Ливанцова Л. И. Людмила Ивановна, Зайцева Г. С. Галина Степановна, Кабачник М. М. Мария Мартиновна
الملخص:Учебное пособие содержит задачи по общему курсу органической химии, которые предлагались студентам III курса химического факультета МГУ им. М. В. Ломоносова в рейтинговых контрольных работах. Все задачи снабжены подробными решениями, а там, где это необходимо, комментариями. Разделы соответствуют программе преподавания основного курса органической химии на химическом факультете МГУ. Задачи заметно различаются по сложности; в решениях учтены условия и реагенты, обычные при проведении многих ключевых химических превращений. Такой методический прием способствует выработке у студентов самостоятельного подхода к построению скелета сравнительно сложных органических молекул. Для студентов вузов, изучающих органическую химию, аспирантов, преподавателей.
اللغة:الروسية
منشور في: Москва, БИНОМ. Лаборатория знаний, 2011
الطبعة:3-е изд., перераб. и доп.
الموضوعات:
التنسيق: MixedMaterials كتاب
KOHA link:https://koha.lib.tpu.ru/cgi-bin/koha/opac-detail.pl?biblionumber=197511

MARC

LEADER 00000nam0a2200000 4500
001 197511
005 20231101224747.0
010 |a 9785947749885 
035 |a (RuTPU)RU\TPU\book\215443 
035 |a RU\TPU\book\68208 
090 |a 197511 
100 |a 20040528d2011 m y0rusy50 ca 
101 0 |a rus 
102 |a RU 
105 |a a j 000zy 
200 1 |a Задачи по органической химии с решениями  |e учебное пособие  |f А. Л. Курц, М. В. Ливанцов, А. В. Чепраков и др. 
205 |a 3-е изд., перераб. и доп. 
210 |a Москва  |c БИНОМ. Лаборатория знаний  |d 2011 
215 |a 350 с.  |c ил. 
330 |a Учебное пособие содержит задачи по общему курсу органической химии, которые предлагались студентам III курса химического факультета МГУ им. М. В. Ломоносова в рейтинговых контрольных работах. Все задачи снабжены подробными решениями, а там, где это необходимо, комментариями. Разделы соответствуют программе преподавания основного курса органической химии на химическом факультете МГУ. Задачи заметно различаются по сложности; в решениях учтены условия и реагенты, обычные при проведении многих ключевых химических превращений. Такой методический прием способствует выработке у студентов самостоятельного подхода к построению скелета сравнительно сложных органических молекул. Для студентов вузов, изучающих органическую химию, аспирантов, преподавателей. 
451 1 |0 (RuTPU)RU\TPU\book\68208  |y 5-94774-053-2  |t Задачи по органической химии с решениями  |o учебное пособие  |f А. Л. Курц, М. В. Ливанцов, А. В. Чепраков и др.  |c М.  |n БИНОМ. Лаборатория знаний  |d 2004  |p 264 с. 
606 1 |a Органическая химия  |2 stltpush  |3 (RuTPU)RU\TPU\subj\47309  |9 66362 
610 1 |a задачи 
610 1 |a решения 
610 1 |a алканы 
610 1 |a алкены 
610 1 |a алкины 
610 1 |a диены 
610 1 |a нуклеофильное замещение 
610 1 |a алифатический ряд 
610 1 |a элиминирование 
610 1 |a карбонильные соединения 
610 1 |a электрофильное замещение 
610 1 |a нуклеофильное замещение 
610 1 |a ароматический ряд 
610 1 |a амины 
610 1 |a нитросоединения 
610 1 |a диазосоединения 
610 1 |a фенолы 
610 1 |a хиноны 
610 1 |a алициклы 
610 1 |a гетероциклы 
610 1 |a задачи 
610 1 |a решения 
610 1 |a практические пособия 
610 1 |a учебные пособия 
675 |a 547(076)  |v 3 
701 1 |a Курц  |b А. Л.  |g Александр Леонидович 
701 1 |a Ливанцов  |b М. В.  |g Михаил Васильевич 
701 1 |a Чепраков  |b А. В.  |g Андрей Владимирович 
701 1 |a Ливанцова  |b Л. И.  |g Людмила Ивановна 
701 1 |a Зайцева  |b Г. С.  |g Галина Степановна 
701 1 |a Кабачник  |b М. М.  |g Мария Мартиновна 
801 1 |a RU  |b 63413507  |c 20110614 
801 2 |a RU  |b 63413507  |c 20230126  |g RCR 
900 |a Органическая химия 
942 |c BK 
951 |b 020100 
959 |a 60/20110607  |d 5  |e 0,00  |f ЧЗТЛ:1  |f АНЛ:1  |f УФ:3